| 000 | 00657nam a22001937a 4500 | ||
|---|---|---|---|
| 005 | 20180503102847.0 | ||
| 010 | _aENG-122819 | ||
| 020 |
_a9789385289163 _c995.00 |
||
| 035 | _aEN-106351 | ||
| 037 | _bDBAD/PUB | ||
| 082 | _a181.432 | ||
| 100 | _aChaudhary, Shailesh K. | ||
| 245 |
_aFundamentals of yoga / _cby Shailesh K. Chaudhary |
||
| 260 |
_aNew Delhi _bSolar Books _c2017 |
||
| 270 |
_a4239A/1, Veer Sadan, Ansari Road (Behind Delhi Hospital), Darya Ganj, _bNew Delhi _e110002 _k011-43505201/02/03 _msales.solarbook@gmail.com |
||
| 300 |
_avii, 276p. _c23cm (Hb) |
||
| 500 | _aIt include index | ||
| 942 |
_2ddc _cEN _mCHA _h181.432 |
||
| 999 |
_c151793 _d151793 |
||